Chemistry for the modern world. (Record no. 7606)
[ view plain ]
| 000 -LEADER | |
|---|---|
| fixed length control field | 00711cam a22002531 4500 |
| 001 - CONTROL NUMBER | |
| JCCL Control Number | 7606 |
| 003 - CONTROL NUMBER IDENTIFIER | |
| JCCL marc code | BD-JhCC |
| 005 - DATE AND TIME OF LATEST TRANSACTION | |
| control field | 20180920124709.0 |
| 008 - FIXED-LENGTH DATA ELEMENTS--GENERAL INFORMATION | |
| fixed length control field | 760524s1962 enka 000 0 eng |
| 035 ## - SYSTEM CONTROL NUMBER | |
| system control number | (BD-JhCC)7606 |
| 035 ## - SYSTEM CONTROL NUMBER | |
| system control number | (OCoLC)2190456 |
| 040 ## - CATALOGING SOURCE | |
| Original cataloging agency | DLC |
| Transcribing agency | PCoR |
| Modifying agency | Uk |
| -- | DLC |
| -- | BD-JhCC |
| 041 ## - LANGUAGE CODE | |
| Language code of Book | eng |
| 050 00 - LIBRARY OF CONGRESS CALL NUMBER | |
| Classification number | QD37 |
| Item number | .P7 |
| 082 ## - DEWEY DECIMAL CLASSIFICATION NUMBER | |
| Author mark and Year | POR 1962 |
| Classification number | 540 |
| 100 1# - MAIN ENTRY--PERSONAL NAME | |
| Personal name | Porter, George, |
| Dates associated with a name | 1920-2002. |
| 245 10 - TITLE STATEMENT | |
| Title | Chemistry for the modern world. |
| Statement of responsibility, etc | With a foreword by Sarvepalli Radhakrishnan. |
| 260 ## - PUBLICATION, DISTRIBUTION, ETC. (IMPRINT) | |
| Place of publication, distribution, etc | London, |
| Name of publisher, distributor, etc | G. G. Harrap |
| Date of publication, distribution, etc | [1962] |
| 300 ## - PHYSICAL DESCRIPTION | |
| Pagination | ix, 116 p. |
| Other physical details | illus. |
| Dimensions | 21 cm. |
| 440 #0 - | |
| Title | Science for the modern world series, |
| Volume number/sequential designation | v.2 |
| 650 #0 - SUBJECT ADDED ENTRY--TOPICAL TERM | |
| Topical term or geographic name as entry element | Chemistry. |
| 942 ## - ADDED ENTRY ELEMENTS (KOHA) | |
| Source of classification or shelving scheme | Dewey Decimal Classification |
| Koha item type | Books |
| Source of classification or shelving scheme | Damaged status | Not for loan | Home library | Current library | Shelving location | Total Checkouts | Full call number | Barcode | Date last seen | Copy number | Koha item type |
|---|---|---|---|---|---|---|---|---|---|---|---|
| Dewey Decimal Classification | JCC Rouf Library | JCC Rouf Library | General Stacks | 540 POR 1962 | 8066 | 02/12/2018 | C-1 | Books |